Big Bang Theory Cast - Statistics

General Stats
  • This quiz has been taken 1,537 times
    1,532 since last reset
  • The average score is 8 of 9
Answer Stats
Hint Answer % Correct
jim parson sheldon
100%
kaley cuoco penny
99%
kunal nayyar raj
99%
simon helberg howard
98%
johnny galecki leonard
98%
mayim bialik amy
97%
melissa rauch bernadette
95%
kevin sussman stuart
82%
john ross bowie barry
44%
No matching quizzes found
Score Distribution
Percent of People with Each Score
Percentile by Number Answered
Your Score History
You have not taken this quiz since the last reset